[Event "SVR-ch MTA"]
[Site "Lahnstein"]
[Date "2019.04.20"]
[Round "7"]
[White "Thieme Garmann, Alexander"]
[Black "Schoen, Ralf"]
[Result "1-0"]
[WhiteElo "2024"]
[BlackElo "2057"]
[PlyCount "103"]
[EventDate "2019.04.13"]
[EventType "tourn"]
[EventRounds "7"]
[EventCountry "GER"]
[SourceTitle "EXT 2021"]
[Source "ChessBase"]
[SourceDate "2020.10.23"]
[SourceVersion "1"]
[SourceVersionDate "2020.10.23"]
[SourceQuality "1"]

1. e4 c5 2. Nf3 d6 3. c3 Nf6 4. h3 e6 5. Bd3 Nc6 6. Bc2 g6 7. 0-0 Bg7 8. Re1 0-0 9. d4 b6 10. Nbd2 Ba6 11. Nf1 cxd4 12. cxd4 Qc7 13. Bd2 Rac8 14. Rc1 Qb7 15. Ng3 Na5 16. Bc3 d5 17. e5 Nd7 18. h4 Nc4 19. Bb1 Rfe8 20. h5 Bh6 21. hxg6 hxg6 22. Nh2 Qc7 23. Ng4 Bg7 24. Bd3 b5 25. Qf3 Qb6 26. a3 Qd8 27. Qf4 Ncb6 28. Nh6+ Bxh6 29. Qxh6 Nf8 30. Bd2 f5 31. Bb4 Nbd7 32. Rxc8 Qxc8 33. Rc1 Qb7 34. Ne2 Rc8 35. Rxc8 Qxc8 36. Bd6 b4 37. Bxa6 Qxa6 38. Nf4 bxa3 39. bxa3 Kf7 40. Qg5 Qc8 41. Qe7+ Kg8 42. g3 Qc1+ 43. Kg2 Qe1 44. Nxe6 Qe4+ 45. Kh2 Nxe6 46. Qxe6+ Kh8 47. Qe8+ Kh7 48. Qxd7+ Kh6 49. Bf8+ Kh5 50. Qh7+ Kg4 51. Qh4+ Kf3 52. Qxe4+ 1-0

[Event "Rheinland Pfalz op 10th"]
[Site "Nickenich"]
[Date "2018.06.02"]
[Round "6"]
[White "Schoen, Ralf"]
[Black "Koellner, Ruben Gideon"]
[Result "0-1"]
[WhiteElo "2085"]
[BlackElo "2204"]
[PlyCount "49"]
[EventDate "2018.05.31"]
[EventType "swiss"]
[EventRounds "7"]
[EventCountry "GER"]
[SourceTitle "CBM 184 Extra"]
[Source "ChessBase"]
[SourceDate "2018.06.28"]
[SourceVersion "1"]
[SourceVersionDate "2018.06.28"]
[SourceQuality "1"]

1. c4 e5 2. Nc3 Nc6 3. g3 Bc5 4. Bg2 a6 5. Nf3 d6 6. d3 Nge7 7. 0-0 Ba7 8. Bd2 Nf5 9. Rb1 h5 10. b4 h4 11. e3 hxg3 12. hxg3 g5 13. Nd5 g4 14. Nh2 Nh6 15. a4 f5 16. Re1 Ne7 17. d4 Nxd5 18. cxd5 e4 19. Qc2 Bd7 20. Kf1 Nf7 21. Nxg4 fxg4 22. Bxe4 Ng5 23. Bg6+ Kf8 24. Kg2 Qf6 25. Qd1 0-1

[Event "Rheinland Pfalz op 10th"]
[Site "Nickenich"]
[Date "2018.06.01"]
[Round "4"]
[White "Schoen, Ralf"]
[Black "Winterberg, Lukas"]
[Result "1/2-1/2"]
[WhiteElo "2085"]
[BlackElo "2378"]
[PlyCount "60"]
[EventDate "2018.05.31"]
[EventType "swiss"]
[EventRounds "7"]
[EventCountry "GER"]
[SourceTitle "CBM 184 Extra"]
[Source "ChessBase"]
[SourceDate "2018.06.28"]
[SourceVersion "1"]
[SourceVersionDate "2018.06.28"]
[SourceQuality "1"]

1. c4 e6 2. g3 Nf6 3. Bg2 d5 4. cxd5 exd5 5. d4 Be7 6. Nf3 0-0 7. 0-0 c6 8. b3 Bf5 9. Bb2 Re8 10. Nc3 Ne4 11. a3 Nd7 12. Nd2 Nxd2 13. Qxd2 h5 14. h3 Bg5 15. Qd1 Nf6 16. Bc1 Bxc1 17. Qxc1 Qd7 18. h4 Ne4 19. Nxe4 Bxe4 20. Ra2 Bxg2 21. Kxg2 Re4 22. Qd1 Rae8 23. Rh1 R8e6 24. e3 Rg4 25. Rh3 Qe7 26. b4 Rf6 27. Qd3 Re4 28. Rb2 Qd7 29. Qd1 g6 30. Rh1 Kg7 1/2-1/2

[Event "SVR-ch MT-A"]
[Site "Hennweiler"]
[Date "2018.03.29"]
[Round "5"]
[White "Schoen, Ralf"]
[Black "Ronge, Tim Hendrick"]
[Result "1-0"]
[WhiteElo "2105"]
[BlackElo "2109"]
[PlyCount "71"]
[EventDate "2018.03.24"]
[EventType "tourn"]
[EventRounds "7"]
[EventCountry "GER"]
[SourceTitle "EXT 2020"]
[Source "ChessBase"]
[SourceDate "2019.10.17"]
[SourceVersion "1"]
[SourceVersionDate "2019.10.17"]
[SourceQuality "1"]

1. e4 c5 2. Nf3 e6 3. d3 Nc6 4. g3 Nf6 5. Bg2 Be7 6. 0-0 d6 7. Nbd2 Bd7 8. a3 Qc7 9. c3 0-0 10. Qc2 Rac8 11. b4 e5 12. Bb2 cxb4 13. cxb4 b5 14. Rfc1 Qb6 15. h3 Nh5 16. Kh2 g6 17. Nf1 Ng7 18. Ne3 Be6 19. Nd5 Qb7 20. Nxe7+ Qxe7 21. Qd2 f5 22. Rc3 Bd7 23. exf5 gxf5 24. Ng5 f4 25. Bd5+ Kh8 26. gxf4 h6 27. Nf3 Rxf4 28. Rg1 Nh5 29. Rg4 Kh7 30. Be4+ Rf5 31. Rxc6 Rxc6 32. Nh4 Ng7 33. Rxg7+ Kxg7 34. Nxf5+ Bxf5 35. Bxc6 Qh4 36. Bg2 1-0

[Event "SVR-ch MT-A"]
[Site "Heimbach Weis"]
[Date "2017.04.08"]
[Round "2"]
[White "Buerger, Helmut1111"]
[Black "Schoen, Ralf"]
[Result "1/2-1/2"]
[WhiteElo "2053"]
[BlackElo "2133"]
[PlyCount "79"]
[EventDate "2017.04.07"]
[EventType "tourn"]
[EventRounds "9"]
[EventCountry "GER"]
[SourceTitle "EXT 2020"]
[Source "ChessBase"]
[SourceDate "2019.10.17"]
[SourceVersion "1"]
[SourceVersionDate "2019.10.17"]
[SourceQuality "1"]

1. e4 e6 2. d4 d5 3. e5 c5 4. c3 Nc6 5. Nf3 Qb6 6. Bd3 Bd7 7. 0-0 cxd4 8. cxd4 Nxd4 9. Nbd2 Nc6 10. Nb3 f6 11. Bf4 Nge7 12. Rc1 f5 13. Nc5 h6 14. h4 Rd8 15. Be3 Qc7 16. b4 d4 17. Nxd4 Qxe5 18. Bc4 Bc8 19. Qa4 Rxd4 20. Bxd4 Qxd4 21. Rfd1 Qf6 22. b5 Kf7 23. bxc6 Nxc6 24. Bb5 Ne5 25. Nd7 Bxd7 26. Bxd7 Ng4 27. g3 Be7 28. Re1 Ne5 29. Qb3 Nxd7 30. Qxb7 Ne5 31. Rc7 Re8 32. Kg2 Nd3 33. Re3 Qd4 34. Rd7 Nc5 35. Rxd4 Nxb7 36. Rd7 Nc5 37. Rxa7 Rd8 38. Rc3 Rd5 39. Rc2 Kf6 40. a4 1/2-1/2

[Event "GER-ch 87th"]
[Site "Luebeck"]
[Date "2016.10.28"]
[Round "8"]
[White "Goergens, Michael"]
[Black "Schoen, Ralf"]
[Result "0-1"]
[WhiteElo "2080"]
[BlackElo "2146"]
[PlyCount "70"]
[EventDate "2016.10.21"]
[EventType "swiss"]
[EventRounds "9"]
[EventCountry "GER"]
[SourceTitle "EXT 2018"]
[Source "ChessBase"]
[SourceDate "2017.10.13"]
[SourceVersion "1"]
[SourceVersionDate "2017.10.13"]
[SourceQuality "1"]

1. e4 c5 2. Nc3 Nc6 3. g3 g6 4. Bg2 Bg7 5. d3 d6 6. Be3 Nf6 7. h3 Bd7 8. Qd2 0-0 9. g4 b5 10. f4 b4 11. Nd1 a5 12. Ne2 a4 13. a3 Qa5 14. c3 Rfb8 15. f5 bxc3 16. bxc3 Ne5 17. 0-0 Rb3 18. Nc1 Rb6 19. Bh6 Rf8 20. Ra2 Rbb8 21. Qg5 Bb5 22. Rd2 Ba6 23. c4 Rb1 24. Ne2 Rb3 25. Ng3 Bxh6 26. Qxh6 Rxd3 27. Rxd3 Nxd3 28. fxg6 hxg6 29. e5 Nxe5 30. g5 Qd2 31. Rxf6 Qxd1+ 32. Kh2 Bxc4 33. Rf4 Qd2 34. Re4 Nf3+ 35. Kh1 Qd1+ 0-1

[Event "GER-ch 87th"]
[Site "Luebeck"]
[Date "2016.10.21"]
[Round "1"]
[White "Schoen, Ralf"]
[Black "Moeller, Hendrik"]
[Result "1/2-1/2"]
[WhiteElo "2146"]
[BlackElo "2286"]
[PlyCount "111"]
[EventDate "2016.10.21"]
[EventType "swiss"]
[EventRounds "9"]
[EventCountry "GER"]
[SourceTitle "EXT 2018"]
[Source "ChessBase"]
[SourceDate "2017.10.13"]
[SourceVersion "1"]
[SourceVersionDate "2017.10.13"]
[SourceQuality "1"]

1. Nf3 d5 2. g3 Nf6 3. Bg2 c5 4. c4 Nc6 5. cxd5 Nxd5 6. Nc3 Nc7 7. 0-0 e5 8. d3 Be7 9. Bd2 0-0 10. a3 Be6 11. Rb1 f6 12. Qa4 Rb8 13. Rfc1 Qd7 14. Ne4 b6 15. b4 b5 16. Nxc5 bxa4 17. Nxd7 Bxd7 18. Ne1 Rb6 19. Be3 Rfb8 20. Bxb6 Rxb6 21. Rc4 Nb5 22. Bd5+ Kf8 23. Rbc1 Nd8 24. Nc2 Bd6 25. Kf1 Ne6 26. Ra1 Nec7 27. Bg2 Be6 28. Ne3 f5 29. Rcc1 e4 30. Nc4 Bxc4 31. dxc4 Be5 32. cxb5 Bxa1 33. Rxc7 Rd6 34. Bh3 g6 35. Rxa7 Rb6 36. Rxh7 Bg7 37. Bg2 Rxb5 38. f3 Rxb4 39. fxe4 Rb1+ 40. Kf2 Bd4+ 41. Kf3 fxe4+ 42. Kxe4 Bg7 43. Kf4 Kf7 44. Bc6 Rc1 45. Be8+ Kg8 46. Bxg6 Rc3 47. Rh5 Rxa3 48. Bd3 Ra1 49. Ra5 a3 50. Kg5 Bb2 51. Ra6 Rg1 52. Kg6 Kf8 53. Re6 Rc1 54. Bb5 Rc8 55. Ra6 Ke7 56. Bd3 1/2-1/2

[Event "Rheinland Pfalz op 8th"]
[Site "Reil an der Mosel"]
[Date "2016.05.27"]
[Round "4"]
[White "Kathstede, Gerd"]
[Black "Schoen, Ralf"]
[Result "1/2-1/2"]
[WhiteElo "2025"]
[BlackElo "2145"]
[PlyCount "88"]
[EventDate "2016.05.26"]
[EventType "swiss"]
[EventRounds "7"]
[EventCountry "GER"]
[SourceTitle "EXT 2018"]
[Source "ChessBase"]
[SourceDate "2017.10.13"]
[SourceVersion "1"]
[SourceVersionDate "2017.10.13"]
[SourceQuality "1"]

1. d4 d5 2. Bf4 Bf5 3. e3 e6 4. c4 Bxb1 5. Qa4+ Nc6 6. Rxb1 Bb4+ 7. Kd1 Bd6 8. cxd5 exd5 9. Bb5 Nge7 10. Bg5 f6 11. Bh4 0-0 12. Bxc6 bxc6 13. Nf3 Qc8 14. Ke2 c5 15. dxc5 Bxc5 16. Rhc1 Bb6 17. Bg3 Rd8 18. h3 c5 19. Kf1 Qe6 20. Re1 Qe4 21. Qa6 Nf5 22. Bh2 Nh4 23. Nxh4 Qxh4 24. Rbd1 Rd7 25. Bg3 Qb4 26. Re2 Rad8 27. b3 Qa5 28. Qd3 Qb4 29. Qa6 Qc3 30. Qb5 h6 31. Qc6 Kh8 32. Qe6 d4 33. exd4 cxd4 34. Qg4 Qc6 35. Re6 Qb5+ 36. Kg1 d3 37. h4 d2 38. Bf4 Rd4 39. Re7 Rg8 40. Rxd2 Qb4 41. Rxd4 Qxd4 42. Qg3 Bc5 43. Rc7 Bb6 44. Re7 Bc5 1/2-1/2

[Event "Rheinland Pfalz op 8th"]
[Site "Reil an der Mosel"]
[Date "2016.05.26"]
[Round "2"]
[White "Schmitt, Michael"]
[Black "Schoen, Ralf"]
[Result "0-1"]
[WhiteElo "2036"]
[BlackElo "2145"]
[PlyCount "42"]
[EventDate "2016.05.26"]
[EventType "swiss"]
[EventRounds "7"]
[EventCountry "GER"]
[SourceTitle "EXT 2018"]
[Source "ChessBase"]
[SourceDate "2017.10.13"]
[SourceVersion "1"]
[SourceVersionDate "2017.10.13"]
[SourceQuality "1"]

1. e4 c5 2. c4 Nc6 3. Nc3 g6 4. Nge2 Bg7 5. d3 Nf6 6. g3 d6 7. a3 Bg4 8. Rb1 Bf3 9. Rg1 Ng4 10. h3 Nh2 11. g4 Bxe4 12. Bg2 Bxg2 13. Rxg2 Nf3+ 14. Kf1 h5 15. Nf4 hxg4 16. Rxg4 Nh2+ 17. Kg2 Nxg4 18. hxg4 e6 19. Ne4 Qh4 20. Qf3 Qh1+ 21. Kg3 Qh2# 0-1

[Event "SVR-ch MTA"]
[Site "Trier"]
[Date "2016.03.20"]
[Round "3"]
[White "Barzen, Pascal"]
[Black "Schoen, Ralf"]
[Result "1-0"]
[WhiteElo "2228"]
[BlackElo "2185"]
[PlyCount "81"]
[EventDate "2016.03.19"]
[EventType "tourn"]
[EventRounds "7"]
[EventCountry "GER"]
[SourceTitle "CBM 171 Extra"]
[Source "ChessBase"]
[SourceDate "2016.04.26"]
[SourceVersion "1"]
[SourceVersionDate "2016.04.26"]
[SourceQuality "1"]

1. e4 c5 2. Nc3 g6 3. g3 Bg7 4. Bg2 Nc6 5. d3 Nf6 6. f4 d6 7. Nf3 0-0 8. 0-0 Bd7 9. h3 Rb8 10. g4 b5 11. Qe1 Nd4 12. Qf2 b4 13. Nd1 a5 14. Ne3 a4 15. a3 Ne8 16. Nc4 Bb5 17. Nxd4 cxd4 18. b3 Bxc4 19. bxc4 b3 20. Rb1 Qb6 21. cxb3 axb3 22. Bd2 Nc7 23. Qh4 Rfe8 24. f5 Qc5 25. Bb4 Rxb4 26. axb4 Qxb4 27. g5 Na6 28. Qf2 gxf5 29. exf5 Qc3 30. f6 exf6 31. gxf6 Bh6 32. Qh4 Be3+ 33. Kh1 Qxd3 34. Bc6 Re6 35. Bd5 Nc5 36. Qg4+ Qg6 37. Bxe6 Nxe6 38. Rxb3 Qxg4 39. Rb8+ Nf8 40. hxg4 d3 41. Ra1 1-0

[Event "Rheinland Pfalz op 7th"]
[Site "Frankenthal"]
[Date "2015.06.06"]
[Round "2"]
[White "Costea, Valerius"]
[Black "Schoen, Ralf"]
[Result "0-1"]
[WhiteElo "1970"]
[BlackElo "2195"]
[PlyCount "96"]
[EventDate "2015.06.04"]
[EventType "swiss"]
[EventRounds "7"]
[EventCountry "GER"]
[SourceTitle "EXT 2017"]
[Source "ChessBase"]
[SourceDate "2016.10.25"]
[SourceVersion "1"]
[SourceVersionDate "2016.10.25"]
[SourceQuality "1"]

1. e4 c5 2. Nc3 Nc6 3. f4 g6 4. Nf3 Bg7 5. Be2 d6 6. 0-0 Bd7 7. Qe1 a6 8. a4 Nb4 9. Bd1 Qa5 10. Ra3 c4 11. Kh1 e6 12. Qe2 Rc8 13. d4 cxd3 14. cxd3 Ne7 15. Bd2 Qc7 16. Re1 0-0 17. Be3 Nec6 18. d4 d5 19. e5 Na5 20. Ra1 Qc4 21. Rb1 Qxe2 22. Rxe2 Nc4 23. Ne1 Nxe3 24. Rxe3 f6 25. Bf3 fxe5 26. fxe5 Bh6 27. Re2 Rf4 28. Rd1 Rc4 29. Red2 Rh4 30. Ne2 Bxd2 31. Rxd2 Bxa4 32. g3 Rh6 33. h4 g5 34. b3 Bxb3 35. h5 a5 36. Bg4 a4 37. Nf3 a3 38. Nxg5 a2 39. Rxa2 Bxa2 40. Bxe6+ Kf8 41. g4 Rc2 42. Ng3 Rxe6 43. Nxe6+ Kg8 44. g5 Rc1+ 45. Kh2 Bb1 46. Nf4 Nc6 47. g6 Nxd4 48. Nxd5 hxg6 0-1

[Event "Rheinland Pfalz op 7th"]
[Site "Frankenthal"]
[Date "2015.06.06"]
[Round "5"]
[White "Schoen, Ralf"]
[Black "Muckle, Richard"]
[Result "1-0"]
[WhiteElo "2195"]
[BlackElo "1563"]
[PlyCount "111"]
[EventDate "2015.06.04"]
[EventType "swiss"]
[EventRounds "7"]
[EventCountry "GER"]
[SourceTitle "EXT 2017"]
[Source "ChessBase"]
[SourceDate "2016.10.25"]
[SourceVersion "1"]
[SourceVersionDate "2016.10.25"]
[SourceQuality "1"]

1. e4 e6 2. d4 d5 3. Nc3 Bb4 4. e5 c5 5. a3 Bxc3+ 6. bxc3 cxd4 7. cxd4 Nc6 8. Qg4 Kf8 9. Nf3 h6 10. h4 Nge7 11. Bd3 Nf5 12. h5 Qb6 13. c3 Bd7 14. 0-0 Rc8 15. Bd2 Na5 16. Rfb1 Qc7 17. a4 Nc4 18. Be1 b6 19. Qf4 Ke8 20. Nd2 Na5 21. Nf3 Nc4 22. g4 Ne7 23. Nd2 Na5 24. Ba6 Rb8 25. c4 dxc4 26. Ne4 Nd5 27. Qf3 Ke7 28. Nd6 Rhf8 29. Qa3 Kd8 30. Nb5 Bxb5 31. Qxf8+ Be8 32. Bxa5 bxa5 33. Rxb8+ Qxb8 34. Bb5 Nc7 35. Qd6+ Kc8 36. Bxe8 Nxe8 37. Qxb8+ Kxb8 38. Rc1 Nc7 39. Rxc4 Nd5 40. Rc5 Kb7 41. Rxa5 Nc3 42. Kf1 a6 43. Ke1 Ne4 44. f3 Nc3 45. Kd2 Na2 46. Rc5 Nb4 47. Kc3 Nc6 48. a5 Ne7 49. Kc4 g6 50. d5 exd5+ 51. Rxd5 Kc7 52. Rd6 Nc6 53. Rxc6+ Kxc6 54. g5 Kd7 55. gxh6 Ke7 56. h7 1-0

[Event "Rheinland Pfalz op 7th"]
[Site "Frankenthal"]
[Date "2015.06.06"]
[Round "4"]
[White "Tresch, Lukas"]
[Black "Schoen, Ralf"]
[Result "1-0"]
[WhiteElo "2013"]
[BlackElo "2195"]
[PlyCount "59"]
[EventDate "2015.06.04"]
[EventType "swiss"]
[EventRounds "7"]
[EventCountry "GER"]
[SourceTitle "EXT 2017"]
[Source "ChessBase"]
[SourceDate "2016.10.25"]
[SourceVersion "1"]
[SourceVersionDate "2016.10.25"]
[SourceQuality "1"]

1. e4 c6 2. d4 d5 3. Nc3 dxe4 4. Nxe4 Bf5 5. Ng3 Bg6 6. h4 h6 7. Nh3 e6 8. Nf4 Bh7 9. Bc4 Bb4+ 10. c3 Bd6 11. Ngh5 Bxf4 12. Bxf4 Kf8 13. Qg4 g6 14. Be5 gxh5 15. Qg7+ Ke7 16. Qxh8 Bg6 17. Rh3 Nd7 18. Rg3 Qb6 19. 0-0-0 Re8 20. f4 Ngf6 21. Qxh6 Ng4 22. Qg5+ Ngf6 23. Rf1 Bf5 24. Qh6 Qd8 25. Rg7 Rf8 26. Qg5 b5 27. Bb3 b4 28. c4 Qb6 29. Re1 Qa6 30. Bxf6+ 1-0

[Event "Rheinland Pfalz op 7th"]
[Site "Frankenthal"]
[Date "2015.06.04"]
[Round "1"]
[White "Schoen, Ralf"]
[Black "Trinkl, Andreas"]
[Result "1-0"]
[WhiteElo "2195"]
[BlackElo "1790"]
[PlyCount "80"]
[EventDate "2015.06.04"]
[EventType "swiss"]
[EventRounds "7"]
[EventCountry "GER"]
[SourceTitle "EXT 2017"]
[Source "ChessBase"]
[SourceDate "2016.10.25"]
[SourceVersion "1"]
[SourceVersionDate "2016.10.25"]
[SourceQuality "1"]

1. d4 Nf6 2. c4 e6 3. Nf3 d5 4. Qb3 c6 5. Bf4 Nbd7 6. h3 Qb6 7. c5 Qxb3 8. axb3 Ne4 9. e3 f5 10. Be2 Be7 11. Nc3 Nxc3 12. bxc3 0-0 13. 0-0 Re8 14. Ne5 Nxe5 15. Bxe5 Bd7 16. Ra2 Bf6 17. Bh5 Rec8 18. Bd6 g6 19. Be2 Re8 20. f4 Kf7 21. Rfa1 a6 22. g4 Rec8 23. c4 Bd8 24. b4 dxc4 25. Bxc4 Bc7 26. Be5 Bd8 27. Kg2 Be7 28. Kf3 Rg8 29. g5 Bf8 30. h4 h5 31. gxh6 Bxh6 32. Rh2 Rae8 33. e4 Ke7 34. Rg1 Kf7 35. h5 fxe4+ 36. Kxe4 gxh5 37. Rgh1 Bg7 38. Rxh5 Bxe5 39. Kxe5 Ke7 40. f5 exf5 1-0

[Event "SVR-ch MTA 38th"]
[Site "Nickenich"]
[Date "2015.03.29"]
[Round "5"]
[White "Thieme Garmann, Alexander"]
[Black "Schoen, Ralf"]
[Result "1/2-1/2"]
[WhiteElo "2071"]
[BlackElo "2202"]
[PlyCount "31"]
[EventDate "2015.03.27"]
[EventType "tourn"]
[EventRounds "9"]
[EventCountry "GER"]
[SourceTitle "EXT 2016"]
[Source "ChessBase"]
[SourceDate "2015.10.08"]
[SourceVersion "1"]
[SourceVersionDate "2015.10.08"]
[SourceQuality "1"]

1. e4 e5 2. Nf3 Nc6 3. Bb5 Nf6 4. d3 d6 5. c3 Be7 6. 0-0 0-0 7. Re1 Bg4 8. Nbd2 Nd7 9. h3 Bh5 10. Nf1 a6 11. Ba4 Nc5 12. Bc2 Bxf3 13. Qxf3 Bg5 14. Ne3 Ne6 15. g3 Qf6 16. Qxf6 1/2-1/2

[Event "SVR-ch MTA 38th"]
[Site "Nickenich"]
[Date "2015.03.28"]
[Round "2"]
[White "Schoen, Ralf"]
[Black "Gebhardt, Max"]
[Result "1/2-1/2"]
[WhiteElo "2202"]
[BlackElo "2161"]
[PlyCount "81"]
[EventDate "2015.03.27"]
[EventType "tourn"]
[EventRounds "9"]
[EventCountry "GER"]
[SourceTitle "EXT 2016"]
[Source "ChessBase"]
[SourceDate "2015.10.08"]
[SourceVersion "1"]
[SourceVersionDate "2015.10.08"]
[SourceQuality "1"]

1. Nf3 d5 2. d3 Nf6 3. g3 c6 4. Bg2 Bg4 5. h3 Bh5 6. 0-0 Nbd7 7. Bf4 Bxf3 8. Bxf3 e5 9. Bc1 Bc5 10. Nc3 0-0 11. e4 dxe4 12. Nxe4 Nxe4 13. dxe4 Qe7 14. Qe2 b5 15. Bd2 Nb6 16. b3 Ba3 17. Rab1 Bb4 18. c3 Bc5 19. Rfd1 Rad8 20. h4 Na8 21. Kg2 Nc7 22. Bg4 b4 23. cxb4 Bxb4 24. Bg5 f6 25. Be3 Kh8 26. a4 a5 27. Qc4 c5 28. Rdc1 Rd4 29. Bxd4 exd4 30. Qd3 Ne8 31. h5 Nd6 32. Bf5 Nxf5 33. exf5 Re8 34. Rd1 h6 35. Qf3 Qd7 36. Rd3 Re5 37. g4 Qe7 38. Rbd1 Kh7 39. Kf1 Re4 40. Kg2 Re2 41. Rf1 1/2-1/2

[Event "Boeblinger op 31st"]
[Site "Boeblingen"]
[Date "2014.12.28"]
[Round "5"]
[White "Fedorovsky, Michael"]
[Black "Schoen, Ralf"]
[Result "1-0"]
[WhiteElo "2443"]
[BlackElo "2157"]
[PlyCount "49"]
[EventDate "2014.12.26"]
[EventType "swiss"]
[EventRounds "9"]
[EventCountry "GER"]
[SourceTitle "CBM 164 Extra"]
[Source "ChessBase"]
[SourceDate "2015.03.02"]
[SourceVersion "1"]
[SourceVersionDate "2015.03.02"]
[SourceQuality "1"]

1. d4 Nf6 2. c4 e6 3. Nc3 d5 4. cxd5 exd5 5. Bg5 c6 6. Qc2 Be7 7. e3 Nbd7 8. Bd3 0-0 9. Nge2 Re8 10. 0-0 Nf8 11. f3 N6d7 12. Bxe7 Rxe7 13. e4 dxe4 14. fxe4 Nb6 15. Rad1 Bg4 16. e5 Bxe2 17. Bxe2 Rd7 18. Qe4 Ne6 19. Bg4 Nd5 20. Rxf7 Kxf7 21. Rf1+ Ke7 22. Bxe6 Nxc3 23. Rf7+ Ke8 24. Qf5 Ne2+ 25. Kf1 1-0

[Event "SVR-ch MTA 37th"]
[Site "Heimbach Weis"]
[Date "2014.04.13"]
[Round "5"]
[White "Schoen, Ralf"]
[Black "Reifenroether, Michael"]
[Result "1/2-1/2"]
[WhiteElo "2158"]
[BlackElo "2071"]
[PlyCount "99"]
[EventDate "2014.04.11"]
[EventType "tourn"]
[EventRounds "9"]
[EventCountry "GER"]
[SourceTitle "CBM 160 Extra"]
[Source "ChessBase"]
[SourceDate "2014.07.01"]
[SourceVersion "1"]
[SourceVersionDate "2014.07.01"]
[SourceQuality "1"]

1. e4 c6 2. d4 d5 3. exd5 cxd5 4. c4 e6 5. Nf3 Nf6 6. Nc3 Be7 7. c5 0-0 8. a3 Nc6 9. Bb5 Ne4 10. Qd3 f5 11. 0-0 Bf6 12. Bxc6 bxc6 13. Bf4 a5 14. Rfe1 Ba6 15. Qc2 g5 16. Be5 g4 17. Bxf6 Rxf6 18. Ne5 Rh6 19. Qc1 Qh4 20. Qf4 Nxf2 21. Qg3 Qxg3 22. hxg3 Nd3 23. Nxd3 Bxd3 24. Red1 Be4 25. b4 Rf6 26. bxa5 Rxa5 27. Rd2 e5 28. dxe5 Re6 29. a4 Rxe5 30. Ne2 Re8 31. Nd4 Rxc5 32. a5 Rc4 33. a6 Ra8 34. a7 Rb4 35. Nxc6 Rb7 36. Rda2 Kf8 37. Kf2 Ke8 38. Nd4 Kd7 39. Ke3 Rb4 40. Ra6 Rc4 41. Rh6 Kc8 42. Rf6 Kb7 43. Ra3 Rb4 44. Rf7+ Kb6 45. Rf6+ Kb7 46. Rc3 Re8 47. a8Q+ Kxa8 48. Ra3+ Kb7 49. Rf7+ Kb6 50. Rf6+ 1/2-1/2

[Event "Bad Godesberg op 17th"]
[Site "Bad Godesberg"]
[Date "2013.08.03"]
[Round "1"]
[White "Kronseder, Michael"]
[Black "Schoen, Ralf"]
[Result "1/2-1/2"]
[WhiteElo "1779"]
[BlackElo "2173"]
[PlyCount "47"]
[EventDate "2013.08.03"]
[EventType "swiss"]
[EventRounds "9"]
[EventCountry "GER"]
[SourceTitle "CBM 155 Extra"]
[Source "ChessBase"]
[SourceDate "2013.08.26"]
[SourceVersion "1"]
[SourceVersionDate "2013.08.26"]
[SourceQuality "1"]

1. e4 e6 2. d4 d5 3. Nc3 Bb4 4. Nge2 Nf6 5. e5 Ne4 6. a3 Nxc3 7. Nxc3 Bxc3+ 8. bxc3 0-0 9. Qg4 f5 10. exf6 Qxf6 11. Qg3 h6 12. Be3 c5 13. Bd3 Nc6 14. 0-0 c4 15. Be2 b6 16. f4 Bd7 17. Rae1 Be8 18. Bg4 Bg6 19. f5 exf5 20. Bxh6 gxh6 21. Bxf5 Kh7 22. Re6 Bxf5 23. Rxf6 Rxf6 24. Rxf5 1/2-1/2